| 000 | 00755nam a2200265Ia 4500 | ||
|---|---|---|---|
| 003 | OSt | ||
| 005 | 20220918225337.0 | ||
| 006 | a|||||r|||| 00| 0 | ||
| 007 | ta | ||
| 008 | 220917b |||||||| |||| 00| 0 eng d | ||
| 024 | _a240,093 | ||
| 037 | _cTextual | ||
| 040 |
_aARTS _cARTS _beng |
||
| 041 |
_2eng _aeng |
||
| 082 | _aW691, M2 | ||
| 100 |
_aWhite Stephen _918277 |
||
| 245 | 0 |
_aCommunist political systems _b an introduction |
|
| 260 |
_aNew York _bSt.Martin's Press _c1982 |
||
| 300 |
_aviii,283p _ccm. |
||
| 650 | _aPOLITICAL SCIENCE | ||
| 700 |
_a Gardner John _917476 |
||
| 700 |
_a Schopflin George _9150244 |
||
| 942 |
_hW691, M2 _cTEXL _2CC |
||
| 999 |
_c284388 _d284388 |
||